Cargando...
The Discourse reader /
| Otros Autores: | , |
|---|---|
| Formato: | Printed Book |
| Publicado: |
London ; New York :
Routledge,
1999.
|
| Materias: |
| LEADER | 00532 a2200145 4500 | ||
|---|---|---|---|
| 020 | |a 0415197333 | ||
| 020 | |a 0415197341(pbk.) | ||
| 082 | 0 | 0 | |a 401.41 |
| 245 | 0 | 4 | |a The Discourse reader / |c edited by Adam Jaworski and Nikolas Coupland. |
| 260 | |a London ; |a New York : |b Routledge, |c 1999. | ||
| 650 | 0 | |a Discourse analysis. | |
| 700 | 1 | |a Jaworski, Adam, | |
| 700 | 1 | |a Coupland, Nikolas, | |
| 999 | |c 284074 |d 284074 | ||
| 952 | |0 0 |1 0 |4 0 |6 401_410000000000000_DIS |7 0 |9 322235 |a FLK |b FLK |c GEN |d 2016-01-05 |e BK |i 456 |l 0 |o 401.41 DIS |p FLK456 |r 2016-01-29 |w 2018-08-23 |y BK | ||